[Event "RSA-ch U12 Girls"]
[Site "Gauteng"]
[Date "2017.04.08"]
[Round "7"]
[White "De Villiers, Anri"]
[Black "Claassen, Gabriella"]
[Result "1-0"]
[WhiteElo "1300"]
[BlackElo "1089"]
[PlyCount "133"]
[EventDate "2017.04.05"]
[EventType "swiss"]
[EventRounds "11"]
[EventCountry "RSA"]
[SourceTitle "CBM 177 Extra"]
[Source "ChessBase"]
[SourceDate "2017.04.27"]
[SourceVersion "1"]
[SourceVersionDate "2017.04.27"]
[SourceQuality "1"]

1. d4 Nf6 2. c4 c5 3. d5 b5 4. cxb5 a6 5. bxa6 Bxa6 6. Nc3 g6 7. e4 Bxf1 8. Kxf1 d6 9. g3 Bg7 10. Kg2 0-0 11. Nf3 Nbd7 12. a4 Qa5 13. Bd2 Qb4 14. Qe2 Rfb8 15. Rhb1 Rb7 16. Ne1 Ne5 17. b3 Qb6 18. Nb5 Ne8 19. Nc2 Qd8 20. Nca3 Nd7 21. Bc3 Bxc3 22. Nxc3 Nb8 23. Nab5 Na6 24. Na2 Nec7 25. Qc4 Qb8 26. Nac3 Nxb5 27. axb5 Nb4 28. Ra4 Rba7 29. Rba1 Qb6 30. Rxa7 Rxa7 31. Rxa7 Qxa7 32. Na4 Qd7 33. Nxc5 dxc5 34. Qxc5 Qd6 35. Qd4 e6 36. b6 Nc6 37. Qc4 exd5 38. Qxd5 Qxd5 39. exd5 Nb8 40. Kf3 f6 41. Ke4 Kf7 42. Kd4 Ke7 43. Kc5 Kd7 44. b4 h6 45. b5 g5 46. g4 Ke7 47. b7 Kd7 48. Kb6 Kd6 49. Ka7 Nd7 50. b8Q+ Nxb8 51. Kxb8 Kxd5 52. Kc7 Ke5 53. b6 Kf4 54. h3 Kf3 55. b7 Kxf2 56. b8Q Kg3 57. Qb3+ Kh4 58. Kd6 h5 59. gxh5 Kxh5 60. Qf3+ Kg6 61. Ke6 Kh6 62. Qxf6+ Kh5 63. Qf3+ Kg6 64. Qg4 Kh6 65. Kf6 Kh7 66. Qxg5 Kh8 67. Qg7# 1-0

[Event "RSA-ch U12 Girls"]
[Site "Gauteng"]
[Date "2017.04.07"]
[Round "4"]
[White "Millard, Charlotte"]
[Black "Claassen, Gabriella"]
[Result "0-1"]
[WhiteElo "1216"]
[BlackElo "1089"]
[PlyCount "87"]
[EventDate "2017.04.05"]
[EventType "swiss"]
[EventRounds "11"]
[EventCountry "RSA"]
[SourceTitle "CBM 177 Extra"]
[Source "ChessBase"]
[SourceDate "2017.04.27"]
[SourceVersion "1"]
[SourceVersionDate "2017.04.27"]
[SourceQuality "1"]

1. e4 c5 2. Nc3 g6 3. Nf3 Nc6 4. d4 cxd4 5. Nxd4 Bg7 6. Be3 Nf6 7. f4 d6 8. Bb5 Qb6 9. Qe2 Qc7 10. Qc4 Bd7 11. Nxc6 bxc6 12. Ba4 Rc8 13. Bb3 0-0 14. 0-0 Ng4 15. Bf2 Be6 16. Qd3 Rb8 17. Kh1 d5 18. h3 Nxf2+ 19. Rxf2 dxe4 20. Qxe4 Bxb3 21. axb3 Rfd8 22. f5 Rd4 23. Qe3 Qe5 24. Qxe5 Bxe5 25. fxg6 hxg6 26. Rxa7 Rbd8 27. Rf1 Bf6 28. Rc7 R4d6 29. Re1 Rd2 30. Kh2 Rxc2 31. Kh1 Rdd2 32. Ne4 Bh4 33. g3 Rh2+ 34. Kg1 Rcg2+ 35. Kf1 Bxg3 36. Nxg3 Rxg3 37. Rexe7 Rf3+ 38. Kg1 Rxb2 39. Rxc6 Rbxb3 40. Rcc7 Rg3+ 41. Kf2 Rbf3+ 42. Ke2 Rxh3 43. Rc2 g5 44. Rc5 0-1

[Event "RSA-ch U12 Girls"]
[Site "Gauteng"]
[Date "2017.04.06"]
[Round "2"]
[White "Palmer, Zante"]
[Black "Claassen, Gabriella"]
[Result "0-1"]
[WhiteElo "917"]
[BlackElo "1089"]
[PlyCount "56"]
[EventDate "2017.04.05"]
[EventType "swiss"]
[EventRounds "11"]
[EventCountry "RSA"]
[SourceTitle "CBM 177 Extra"]
[Source "ChessBase"]
[SourceDate "2017.04.27"]
[SourceVersion "1"]
[SourceVersionDate "2017.04.27"]
[SourceQuality "1"]

1. e4 c5 2. Nc3 g6 3. f4 Nc6 4. Nf3 Bg7 5. g3 e6 6. Ne2 Nge7 7. c3 d5 8. e5 d4 9. d3 f6 10. cxd4 cxd4 11. exf6 Bxf6 12. Bg2 0-0 13. Qb3 Rb8 14. Bh3 Qd6 15. f5 Nxf5 16. Bf4 Be5 17. Nxe5 Nxe5 18. 0-0 b6 19. Rae1 Ne3 20. Rf2 Bd7 21. Bxe3 dxe3 22. Rxf8+ Rxf8 23. Nf4 Nf3+ 24. Kf1 Nxe1 25. Kxe1 Qe5 26. Bxe6+ Bxe6 27. Nxe6 Qa5+ 28. Ke2 Qd2# 0-1

[Event "RSA-ch U12 Girls"]
[Site "Gauteng"]
[Date "2017.04.05"]
[Round "1"]
[White "Claassen, Gabriella"]
[Black "Brugman, Lisa"]
[Result "1/2-1/2"]
[WhiteElo "1089"]
[BlackElo "896"]
[PlyCount "133"]
[EventDate "2017.04.05"]
[EventType "swiss"]
[EventRounds "11"]
[EventCountry "RSA"]
[SourceTitle "CBM 177 Extra"]
[Source "ChessBase"]
[SourceDate "2017.04.27"]
[SourceVersion "1"]
[SourceVersionDate "2017.04.27"]
[SourceQuality "1"]

1. d4 d5 2. Nf3 Nf6 3. e3 e6 4. Bd3 Bd6 5. b3 0-0 6. 0-0 Nc6 7. a3 e5 8. dxe5 Nxe5 9. Bb2 Bg4 10. Be2 Qe7 11. h3 Bh5 12. Nc3 c6 13. Nxe5 Qxe5 14. g3 Bxe2 15. Qxe2 Ne4 16. Nxe4 Qxe4 17. f3 Qg6 18. g4 Qg5 19. f4 Qe7 20. a4 Bc5 21. Rf3 Rfe8 22. Re1 d4 23. Bc1 Bb4 24. Rd1 Rad8 25. Kg2 Ba3 26. Bxa3 Qxa3 27. Qd3 Qe7 28. exd4 Qe2+ 29. Rf2 Qxd3 30. Rxd3 Re1 31. Rdd2 Rb1 32. Rfe2 h6 33. Re4 Rb2 34. Re7 Rb8 35. Kg3 Kf8 36. Rde2 Rxc2 37. Rxc2 Kxe7 38. g5 Rd8 39. gxh6 gxh6 40. Re2+ Kf6 41. Re4 c5 42. dxc5 Rd3+ 43. Kg4 Rxb3 44. h4 Rc3 45. Re5 b6 46. cxb6 axb6 47. Rh5 Kg7 48. Rb5 Ra3 49. Rb4 f6 50. h5 Kf7 51. Kf5 Rc3 52. Rxb6 Rc5+ 53. Kg4 f5+ 54. Kh4 Rc4 55. a5 Rxf4+ 56. Kg3 Ra4 57. a6 f4+ 58. Kf3 Ke7 59. Rxh6 Kf7 60. Rb6 Kg7 61. h6+ Kh7 62. Kg4 Kg8 63. Rg6+ Kh7 64. Kg5 f3 65. Rf6 f2 66. Rxf2 Rxa6 67. Rh2 1/2-1/2

[Event "Johannesburg Redpath op"]
[Site "Johannesburg"]
[Date "2016.07.17"]
[Round "8"]
[White "Odendaal, Ruben Lourens"]
[Black "Claassen, Gabriella"]
[Result "0-1"]
[WhiteElo "1300"]
[BlackElo "1122"]
[PlyCount "118"]
[EventDate "2016.07.13"]
[EventType "swiss"]
[EventRounds "9"]
[EventCountry "RSA"]
[SourceTitle "CBM 173 Extra"]
[Source "ChessBase"]
[SourceDate "2016.08.29"]
[SourceVersion "1"]
[SourceVersionDate "2016.08.29"]
[SourceQuality "1"]

1. e4 c5 2. d4 cxd4 3. c3 dxc3 4. Nxc3 g6 5. Bc4 Bg7 6. Nf3 Nc6 7. 0-0 e6 8. Bf4 Qb6 9. Qb3 Qc5 10. Rab1 b6 11. Nb5 Kd8 12. Bd6 Na5 13. Bxc5 Nxb3 14. Bxb6+ axb6 15. axb3 Ne7 16. Nd6 Rf8 17. Ng5 f6 18. Nxc8 Rxc8 19. Nf3 Rc5 20. Rfd1 d5 21. Nd4 Kd7 22. exd5 exd5 23. Ne2 Ke8 24. b4 Rxc4 25. Nc3 Rxb4 26. Nxd5 Nxd5 27. Rxd5 Rf7 28. Rbd1 Re7 29. Rd8+ Kf7 30. Rb1 Rxb2 31. Rdd1 Rxb1 32. Rxb1 f5 33. g3 Bd4 34. Rd1 Bc5 35. Kf1 b5 36. Re1 Rxe1+ 37. Kxe1 Ke6 38. f3 b4 39. Kd2 Kd5 40. Kd3 Bg1 41. h3 h5 42. g4 hxg4 43. hxg4 fxg4 44. fxg4 Bd4 45. Kd2 Kc4 46. Kc2 b3+ 47. Kb1 Kb4 48. g5 Ka3 49. Kc1 Ka2 50. Kd2 b2 51. Kd3 Bb6 52. Ke4 b1Q+ 53. Ke5 Qd3 54. Kf6 Qe4 55. Kf7 Bd4 56. Kg8 Qe5 57. Kf7 Qxg5 58. Kg8 Qf6 59. Kh7 Qg7# 0-1

[Event "Johannesburg Redpath op"]
[Site "Johannesburg"]
[Date "2016.07.15"]
[Round "5"]
[White "Nyathi, Musa"]
[Black "Claassen, Gabriella"]
[Result "1-0"]
[WhiteElo "1366"]
[BlackElo "1122"]
[PlyCount "103"]
[EventDate "2016.07.13"]
[EventType "swiss"]
[EventRounds "9"]
[EventCountry "RSA"]
[SourceTitle "CBM 173 Extra"]
[Source "ChessBase"]
[SourceDate "2016.08.29"]
[SourceVersion "1"]
[SourceVersionDate "2016.08.29"]
[SourceQuality "1"]

1. d4 Nf6 2. c4 c5 3. d5 d6 4. Nc3 g6 5. e4 Nbd7 6. Be3 Bg7 7. f3 0-0 8. Bd3 Qa5 9. Nge2 Nb6 10. Qd2 Qb4 11. a3 Qa5 12. g4 Nbd7 13. h4 Ne5 14. Rf1 Bd7 15. Bf4 Nxd3+ 16. Qxd3 Rab8 17. a4 a6 18. Kf2 Qb4 19. a5 b5 20. axb6 Rxb6 21. Bd2 Qb3 22. Rfb1 Rb4 23. Rxa6 Qxc4 24. Qxc4 Rxc4 25. Ra7 Rd8 26. Rba1 e6 27. Ra8 Rxa8 28. Rxa8+ Bf8 29. Bh6 Ne8 30. g5 Rb4 31. dxe6 fxe6 32. Rd8 Bc6 33. Nf4 Rxb2+ 34. Kg3 Rb3 35. Nce2 Rb7 36. Nxe6 Rb2 37. Bxf8 Rxe2 38. Bxd6 c4 39. Nd4 Rd2 40. Nxc6 Rxd6 41. Rxe8+ Kf7 42. Re7+ Kf8 43. Rc7 c3 44. Ne5 Rd1 45. Rxc3 Rg1+ 46. Kf4 Rh1 47. Rc8+ Kg7 48. Rc7+ Kg8 49. Ng4 Rxh4 50. Ke5 Rh5 51. Kf6 Kh8 52. Nh6 1-0

[Event "RSA-ch U10 Girls"]
[Site "Waterkloof"]
[Date "2015.04.08"]
[Round "8"]
[White "Van den Bergh, Marilene"]
[Black "Claassen, Gabriella"]
[Result "0-1"]
[WhiteElo "995"]
[BlackElo "926"]
[PlyCount "54"]
[EventDate "2015.04.04"]
[EventType "swiss"]
[EventRounds "9"]
[EventCountry "RSA"]
[SourceTitle "CBM 166 Extra"]
[Source "ChessBase"]
[SourceDate "2015.06.18"]
[SourceVersion "1"]
[SourceVersionDate "2015.06.18"]
[SourceQuality "1"]

1. e4 c5 2. Bc4 Nc6 3. Nf3 g6 4. d3 Bg7 5. 0-0 e6 6. Nc3 Nge7 7. Be3 d5 8. Bb3 d4 9. Qd2 dxe3 10. Qxe3 Nd4 11. Na4 b6 12. Nc3 0-0 13. Rab1 Bb7 14. Qg5 Qd6 15. e5 Nxf3+ 16. gxf3 Qc7 17. Nb5 Qd7 18. Ba4 f6 19. Nc3 Qd4 20. Qe3 fxe5 21. Qxd4 exd4 22. Bb5 Nd5 23. Ne4 Kh8 24. Ng5 Rf5 25. Nxe6 Nc7 26. Nxc7 Rg5+ 27. Kh1 Bxf3# 0-1

[Event "RSA-ch U10 Girls"]
[Site "Waterkloof"]
[Date "2015.04.07"]
[Round "5"]
[White "Joubert, Natasha"]
[Black "Claassen, Gabriella"]
[Result "1/2-1/2"]
[WhiteElo "988"]
[BlackElo "926"]
[PlyCount "52"]
[EventDate "2015.04.04"]
[EventType "swiss"]
[EventRounds "9"]
[EventCountry "RSA"]
[SourceTitle "CBM 166 Extra"]
[Source "ChessBase"]
[SourceDate "2015.06.18"]
[SourceVersion "1"]
[SourceVersionDate "2015.06.18"]
[SourceQuality "1"]

1. e4 c5 2. Nf3 Nc6 3. d4 cxd4 4. Nxd4 g6 5. Nc3 Bg7 6. Be3 Nf6 7. f3 d5 8. Be2 0-0 9. h3 Qa5 10. Bd3 Qb4 11. Nb3 d4 12. a3 Qb6 13. Na4 Qd8 14. Bf4 Nh5 15. Bd2 Be5 16. Qc1 Bg3+ 17. Kd1 Be5 18. g4 Ng3 19. Rg1 Qc7 20. f4 g5 21. Rxg3 Bxf4 22. Bxf4 gxf4 23. Rf3 e5 24. Qd2 Re8 25. Qg2 Bd7 26. Nac5 Nd8 1/2-1/2

[Event "RSA-ch U10 Girls"]
[Site "Waterkloof"]
[Date "2015.04.06"]
[Round "3"]
[White "Claassen, Gabriella"]
[Black "De Villiers, Anri"]
[Result "0-1"]
[WhiteElo "926"]
[BlackElo "1065"]
[PlyCount "93"]
[EventDate "2015.04.04"]
[EventType "swiss"]
[EventRounds "9"]
[EventCountry "RSA"]
[SourceTitle "CBM 166 Extra"]
[Source "ChessBase"]
[SourceDate "2015.06.18"]
[SourceVersion "1"]
[SourceVersionDate "2015.06.18"]
[SourceQuality "1"]

1. e4 c5 2. Nf3 d6 3. d4 cxd4 4. Nxd4 Nf6 5. Nc3 a6 6. Be2 e6 7. 0-0 Be7 8. f4 b5 9. Bf3 Bb7 10. e5 Nd5 11. Nxd5 Bxd5 12. Bxd5 exd5 13. b3 0-0 14. Bb2 Qd7 15. Qf3 dxe5 16. fxe5 Nc6 17. Qg3 Bc5 18. Rad1 Qe6 19. Kh1 Nxd4 20. Bxd4 Bxd4 21. Rxd4 Kh8 22. Rf3 Rac8 23. c3 Qh6 24. h3 Rfd8 25. Qe1 Qg6 26. Rh4 Re8 27. Rg3 Qf6 28. Re3 Qe6 29. Qb1 Qg6 30. Qe1 Qg5 31. g3 f6 32. Qb1 g6 33. Rf3 Qxe5 34. Rhf4 f5 35. Qb2 Qe1+ 36. Rf1 Qxg3 37. Qg2 Qxc3 38. R4f3 Qe5 39. Qh2 Qxh2+ 40. Kxh2 Re2+ 41. R1f2 Rxf2+ 42. Rxf2 d4 43. Rd2 d3 44. Kg3 Kg7 45. Kf3 Kh6 46. Ke3 Kh5 47. Rxd3 0-1